Praga, agosto de 1968 (Record no. 181110)

MARC details
000 -LEADER
campo de control de longitud fija 00963nam a2200253 i 4500
001 - NÚMERO DE CONTROL
campo de control 181110
003 - IDENTIFICADOR DE NÚMERO DE CONTROL
campo de control ES-MaACL
005 - FECHA Y HORA DE LA ÚLTIMA TRANSACCIÓN
campo de control 20250907063132.0
008 - DATOS DE LONGITUD FIJA--INFORMACIÓN GENERAL
campo de control de longitud fija 121017s2008 sp ab |||| |aspa d
020 ## - NÚMERO INTERNACIONAL ESTÁNDAR DEL LIBRO
Número Internacional Estándar del Libro 978-84-96862-15-9
080 ## - NÚMERO DE LA CLASIFICACIÓN DECIMAL UNIVERSAL
Número de la Clasificación Decimal Universal 929 Líster López, Enrique
080 ## - NÚMERO DE LA CLASIFICACIÓN DECIMAL UNIVERSAL
Número de la Clasificación Decimal Universal 94(437)"1968"(093.3)
100 1# - ENTRADA PRINCIPAL--NOMBRE DE PERSONA
Nombre de persona Lister López, Enrique,
Fechas asociadas al nombre 1941-
9 (RLIN) 151659
245 10 - MENCIÓN DEL TÍTULO
Título Praga, agosto de 1968
Resto del título : páginas de un diario personal /
Mención de responsabilidad, etc. Enrique Líster López.
260 ## - PUBLICACIÓN, DISTRIBUCIÓN, ETC.
Lugar de publicación, distribución, etc. Guadalajara :
Nombre del editor, distribuidor, etc. Silente,
Fecha de publicación, distribución, etc. [2008]
300 ## - DESCRIPCIÓN FÍSICA
Extensión 313 p. :
Otras características físicas il., mapa ;
Dimensiones 24 cm.
490 1# - MENCIÓN DE SERIE
Mención de serie Silente memoria histórica
651 ## - PUNTO DE ACCESO ADICIONAL DE MATERIA--NOMBRE GEOGRÁFICO
Nombre geográfico Checoslovaquia-
Subdivisión general Historia-
Subdivisión cronológica 1968, Intervención soviética.
9 (RLIN) 164755
830 0# - PUNTO DE ACCESO ADICIONAL DE SERIE-TÍTULO UNIFORME
Título uniforme Silente memoria histórica
9 (RLIN) 191407
852 ## - LOCALIZACIÓN
Ubicación ES-MaACL
Número de control de estantería A-12322
itemnumber 187993
Sublocalización o colección R.148181
Ubicación en estantería Depósito 1
Signatura antigua Olim: N-5327
Encuadernación Donación: Pedro A. García
903 ## - NOMBRE PERSONAL DE DONANTE
a García Bilbao, Pedro A.,
d 1961-
e Donante
9 148494
942 ## - ELEMENTOS DE ENTRADA SECUNDARIOS (KOHA)
Fuente del sistema de clasificación o colocación Clasificación decimal universal
Tipo de ítem Koha Libro impreso
Holdings
Estatus retirado Estado de pérdida Fuente del sistema de clasificación o colocación Estado de daño No para préstamo Biblioteca de origen Biblioteca actual Ubicación en estantería Fecha de adquisición Fuente de adquisición Total de préstamos Signatura topográfica completa Código de barras Visto por última vez Precio de reemplazo Tipo de ítem Koha
    Clasificación decimal universal     Biblioteca del Ateneo de Madrid Biblioteca del Ateneo de Madrid Depósito 1 17/10/2012 Donación   A-12322 1190321 23/02/2023 23/02/2023 Libro impreso